Só meu (Record no. 150173)

MARC details
000 -LÍDER
campo de controle de tamanho fixo 00312 a2200157 4500
001 - NÚMERO DE CONTROLE
campo de controle 150173
040 ## - FONTE DA CATALOGAÇÃO
Instituição que transcreveu o registro Escola São Tomás de Aquino
100 ## - ENTRADA PRINCIPAL--NOME PESSOAL
Nome pessoal QUINTANA, Mário
240 10 - TÍTULO UNIFORME
Título uniforme Só meu
Idioma da obra por
245 10 - TÍTULO
Título Só meu
300 ## - DESCRIÇÃO FÍSICA
Extensão 37
362 0# - DATAS DE PUBLICAÇÃO E/OU DESIGNAÇÃO SEQUENCIAL
Datas de publicação e/ou designação sequencial 2007
440 #1 - DECLARAÇÃO DE SÉRIE/ENTRADA ADICIONADA--TÍTULO
Título Global
697 ## - ENTRADA DE ASSUNTO LOCAL--ENTIDADE COLETIVA (RLIN)
Nome corporativo ou nome da jurisdição Poesia
942 ## - ELEMENTOS DE ENTRADA ADICIONADOS (KOHA)
Tipo de material Koha Livros
Holdings
Situação do descarte Situação das perdas Situação física Não pode ser emprestado Biblioteca de origem Biblioteca atual Data de aquisição Total de empréstimos Número de chamada completo Código de barras Data de último acesso Data do último empréstimo Data do preço efetivo Tipo de material Koha
        ESTA - SÃO BENTO ESTA - SÃO BENTO 30/04/2024 1 B869.91 QUI SOM EST00004190 24/06/2024 22/05/2024 30/04/2024 Livros